| 000 | 01021cam a22003015a 4500 | ||
|---|---|---|---|
| 001 | 17015135 | ||
| 005 | 20201128023906.0 | ||
| 008 | 111021s2010 enka frb 001 0 eng d | ||
| 010 | _a 2011499345 | ||
| 020 | _a9780470684207 (pbk.) | ||
| 020 | _a0470684208 (pbk.) | ||
| 035 | _a(OCoLC)ocn506249043 | ||
| 040 |
_aUKM _beng _cUKM _dYDXCP _dC#P _dBWX _dCDX _dVRC _dUKMGB _dDLC _dEG-ScBUE |
||
| 082 | 0 | 4 |
_a005.1 _bCOP _222 |
| 100 | 1 | _aCoplien, James O. | |
| 245 | 1 | 0 |
_aLean architecture for agile software development / _cJames Coplien, Gertrud Bjornvig. |
| 260 |
_aChichester ; _aHoboken : _bJohn Wiley and Sons, _c2010. |
||
| 300 |
_axviii, 357 p. : _bill. ; _c24 cm. |
||
| 500 | _aIndex : p. 351-357. | ||
| 504 | _aBibliography : p. 341-350. | ||
| 650 | 7 |
_aAgile software development. _2BUEsh _94807 |
|
| 650 | 7 |
_aComputer software _xDevelopment. _2BUEsh _911535 |
|
| 650 | 7 |
_a Computer architecture. _2BUEsh _92654 |
|
| 651 | _2BUEsh | ||
| 653 |
_bCOMSCI _cOctober2016 |
||
| 700 | 1 | _aBjornvig, Gertrud. | |
| 942 | _2ddc | ||
| 999 |
_c22643 _d22615 |
||